UBT Library

Creating cool HTML 3.2 Web pages / (Record no. 44316)

000 -LEADER
fixed length control field 00763nam a2200253 a 4500
001 - CONTROL NUMBER
control field 1638379
005 - DATE AND TIME OF LATEST TRANSACTION
control field 20180307075542.0
008 - FIXED-LENGTH DATA ELEMENTS--GENERAL INFORMATION
fixed length control field 961118s1997 caua 001 0 eng d
010 ## - LIBRARY OF CONGRESS CONTROL NUMBER
LC control number 96079594
020 ## - INTERNATIONAL STANDARD BOOK NUMBER
International Standard Book Number 0764530402 (pbk.) :
Terms of availability $29.99
035 ## - SYSTEM CONTROL NUMBER
System control number (OCoLC)36358591
040 ## - CATALOGING SOURCE
Original cataloging agency ViManCo
Transcribing agency ViManCo
Modifying agency DLC
041 ## - LANGUAGE CODE
Language code of text/sound track or separate title eng
042 ## - AUTHENTICATION CODE
Authentication code lccopycat
080 ## - UNIVERSAL DECIMAL CLASSIFICATION NUMBER
Universal Decimal Classification number 005.72 dav
082 00 - DEWEY DECIMAL CLASSIFICATION NUMBER
Classification number 005.72 dav
Edition number 21
100 1# - Rafti
Rafti 36
101 ## - Shkurtesa
Shkurtesa shk
245 10 - TITLE STATEMENT
Title Creating cool HTML 3.2 Web pages /
Statement of responsibility, etc by Dave Taylor.
906 ## - LOCAL DATA ELEMENT F, LDF (RLIN)
a 7
b cbc
c copycat
d 2
e opcn
f 19
g y-gencatlg
942 ## - ADDED ENTRY ELEMENTS (KOHA)
Source of classification or shelving scheme
Item type Books
Holdings
Withdrawn status Lost status Source of classification or shelving scheme Damaged status Not for loan Collection code Permanent location Current location Shelving location Date acquired Total Checkouts Full call number Barcode Date last seen Price effective from Koha item type
          Koleksioni i përgjithshem UBT - Lipjan UBT - Lipjan Koleksioni i përgjithshem 03/07/2018   005.72 dav 002-3001053 03/07/2018 03/07/2018 Books
UBT Library © 2015-2024. All rights reserved University Education for Business and Technology